[Event "Stay Safe Play From Home 278"]
[Site "Emanuel Lasker Arena"]
[Date "2020.07.05"]
[Round "2"]
[White "Lazieri3"]
[Black "NeatFox"]
[Result "0-1"]
[WhiteElo "2054"]
[BlackElo "1964"]
[PlyCount "122"]
[EventDate "2020.07.05"]
[EventType "swiss (blitz)"]

1. e4 {[%emt 0:00:02]} c6 {[%emt 0:00:00]} 2. Nc3 {[%emt 0:00:00]} d5 {[%emt 0:00:01]} 3. d4 {[%emt 0:00:00]} dxe4 {[%emt 0:00:01]} 4. Nxe4 {[%emt 0:00:00]} Nf6 {[%emt 0:00:00]} 5. Nxf6+ {[%emt 0:00:00]} gxf6 {[%emt 0:00:00]} 6. Nf3 {[%emt 0:00:00]} Rg8 {[%emt 0:00:01]} 7. Bd3 {[%emt 0:00:00]} Bg4 {[%emt 0:00:01]} 8. c3 {[%emt 0:00:02]} Bxf3 {[%emt 0:00:01]} 9. Qxf3 {[%emt 0:00:01]} h6 {[%emt 0:00:01]} 10. Bf4 {[%emt 0:00:02]} Nd7 {[%emt 0:00:02]} 11. O-O-O {[%emt 0:00:00]} Qb6 {[%emt 0:00:02]} 12. Rhe1 {[%emt 0:00:02]} O-O-O {[%emt 0:00:01]} 13. Bg3 {[%emt 0:00:02]} e5 {[%emt 0:00:01]} 14. dxe5 {[%emt 0:00:01]} fxe5 {[%emt 0:00:00]} 15. Bf5 {[%emt 0:00:02]} f6 {[%emt 0:00:04]} 16. Rxd7 {[%emt 0:00:07]} Rxd7 {[%emt 0:00:00]} 17. Rd1 {[%emt 0:00:01]} Rgg7 {[%emt 0:00:02]} 18. Rxd7 {[%emt 0:00:04]} Rxd7 {[%emt 0:00:00]} 19. Qd3 {[%emt 0:00:03]} Qc7 {[%emt 0:00:02]} 20. f4 {[%emt 0:00:01]} Kd8 {[%emt 0:00:01]} 21. Bxd7 {[%emt 0:00:01]} Qxd7 {[%emt 0:00:00]} 22. Qxd7+ {[%emt 0:00:01]} Kxd7 {[%emt 0:00:00]} 23. fxe5 {[%emt 0:00:00]} f5 {[%emt 0:00:01]} 24. Bf4 {[%emt 0:00:01]} Ke6 {[%emt 0:00:00]} 25. Kd2 {[%emt 0:00:01]} Bg7 {[%emt 0:00:00]} 26. Kd3 {[%emt 0:00:02]} h5 {[%emt 0:00:00]} 27. h4 {[%emt 0:00:04]} Bxe5 {[%emt 0:00:01]} 28. Bxe5 {[%emt 0:00:00]} Kxe5 {[%emt 0:00:00]} 29. Ke3 {[%emt 0:00:00]} f4+ {[%emt 0:00:01]} 30. Kf3 {[%emt 0:00:01]} Kf5 {[%emt 0:00:00]} 31. c4 {[%emt 0:00:01]} c5 {[%emt 0:00:01]} 32. a3 {[%emt 0:00:01]} a5 {[%emt 0:00:01]} 33. a4 {[%emt 0:00:01]} b6 {[%emt 0:00:01]} 34. b3 {[%emt 0:00:01]} Ke5 {[%emt 0:00:00]} 35. g3 {[%emt 0:00:02]} fxg3 {[%emt 0:00:01]} 36. Kxg3 {[%emt 0:00:00]} Ke4 {[%emt 0:00:01]} 37. Kg2 {[%emt 0:00:01]} Ke3 {[%emt 0:00:01]} 38. Kg3 {[%emt 0:00:01]} Ke4 {[%emt 0:00:01]} 39. Kg2 {[%emt 0:00:01]} Kd3 {[%emt 0:00:00]} 40. Kf3 {[%emt 0:00:01]} Kc3 {[%emt 0:00:00]} 41. Kf4 {[%emt 0:00:00]} Kxb3 {[%emt 0:00:00]} 42. Kg5 {[%emt 0:00:00]} Kxa4 {[%emt 0:00:00]} 43. Kxh5 {[%emt 0:00:00]} Kb4 {[%emt 0:00:00]} 44. Kg5 {[%emt 0:00:00]} a4 {[%emt 0:00:00]} 45. h5 {[%emt 0:00:00]} a3 {[%emt 0:00:00]} 46. h6 {[%emt 0:00:00]} a2 {[%emt 0:00:00]} 47. h7 {[%emt 0:00:00]} a1=Q {[%emt 0:00:00]} 48. Kg6 {[%emt 0:00:01]} Qh8 {[%emt 0:00:00]} 49. Kh6 {[%emt 0:00:00]} Kxc4 {[%emt 0:00:00]} 50. Kg6 {[%emt 0:00:00]} b5 {[%emt 0:00:00]} 51. Kh6 {[%emt 0:00:00]} b4 {[%emt 0:00:00]} 52. Kg6 {[%emt 0:00:00]} b3 {[%emt 0:00:00]} 53. Kh6 {[%emt 0:00:00]} b2 {[%emt 0:00:00]} 54. Kg6 {[%emt 0:00:00]} b1=Q+ {[%emt 0:00:00]} 55. Kf7 {[%emt 0:00:00]} Qf1+ {[%emt 0:00:01]} 56. Ke6 {[%emt 0:00:00]} Qe8+ {[%emt 0:00:01]} 57. Kd6 {[%emt 0:00:01]} Qd1+ {[%emt 0:00:01]} 58. Kc7 {[%emt 0:00:00]} Qed7+ {[%emt 0:00:01]} 59. Kb6 {[%emt 0:00:00]} Qb1+ {[%emt 0:00:00]} 60. Ka5 {[%emt 0:00:01]} Qdb7 {[%emt 0:00:01]} 61. h8=Q {[%emt 0:00:02]} Q7b4+ {[%emt 0:00:00] Time (Lag: Av=0.67s, max=2.7s)} 0-1

[Event "Stay Safe Play From Home 278"]
[Site "Emanuel Lasker Arena"]
[Date "2020.07.05"]
[Round "2"]
[White "EL sanbary"]
[Black "Edmatuag"]
[Result "1-0"]
[WhiteElo "1959"]
[BlackElo "1680"]
[PlyCount "65"]
[EventDate "2020.07.05"]
[EventType "swiss (blitz)"]

1. c4 {[%emt 0:00:01]} d6 {[%emt 0:00:00]} 2. g3 {[%emt 0:00:01]} e5 {[%emt 0:00:00]} 3. Bg2 {[%emt 0:00:01]} Be6 {[%emt 0:00:00]} 4. Bxb7 {[%emt 0:00:03]} Nd7 {[%emt 0:00:01]} 5. Bxa8 {[%emt 0:00:01]} Qxa8 {[%emt 0:00:02]} 6. Nf3 {[%emt 0:00:01]} Ngf6 {[%emt 0:00:02]} 7. d3 {[%emt 0:00:01]} Bg4 {[%emt 0:00:01]} 8. e4 {[%emt 0:00:01]} Nc5 {[%emt 0:00:02]} 9. O-O {[%emt 0:00:02]} Ne6 {[%emt 0:00:01]} 10. Kg2 {[%emt 0:00:01]} Nd4 {[%emt 0:00:01]} 11. Qa4+ {[%emt 0:00:05]} Bd7 {[%emt 0:00:05]} 12. Qd1 {[%emt 0:00:04]} h6 {[%emt 0:00:05]} 13. Nxd4 {[%emt 0:00:02]} exd4 {[%emt 0:00:02]} 14. h3 {[%emt 0:00:01]} Qc8 {[%emt 0:00:02]} 15. g4 {[%emt 0:00:02]} h5 {[%emt 0:00:03]} 16. f3 {[%emt 0:00:01]} hxg4 {[%emt 0:00:02]} 17. fxg4 {[%emt 0:00:00]} Nxg4 {[%emt 0:00:03]} 18. hxg4 {[%emt 0:00:02]} Bxg4 {[%emt 0:00:01]} 19. Qe1 {[%emt 0:00:01]} Be7 {[%emt 0:00:03]} 20. Qg3 {[%emt 0:00:02]} Bh4 {[%emt 0:00:02]} 21. Qf4 {[%emt 0:00:01]} f6 {[%emt 0:00:04]} 22. Nd2 {[%emt 0:00:02]} Bg5 {[%emt 0:00:03]} 23. Qf2 {[%emt 0:00:02]} Be3 {[%emt 0:00:03]} 24. Qg3 {[%emt 0:00:02]} Rh3 {[%emt 0:00:01]} 25. Qxh3 {[%emt 0:00:06]} Bxh3+ {[%emt 0:00:00]} 26. Kh2 {[%emt 0:00:02]} Bxf1 {[%emt 0:00:03]} 27. Nf3 {[%emt 0:00:00]} Qg4 {[%emt 0:00:02]} 28. Bxe3 {[%emt 0:00:03]} Qxf3 {[%emt 0:00:02]} 29. Rxf1 {[%emt 0:00:03]} Qxf1 {[%emt 0:00:01]} 30. Bxd4 {[%emt 0:00:00]} Qxd3 {[%emt 0:00:02]} 31. Bxa7 {[%emt 0:00:01]} Qxc4 {[%emt 0:00:01]} 32. b3 {[%emt 0:00:02]} Qxe4 {[%emt 0:00:01]} 33. Bb8 {[%emt 0:00:00] Time (Lag: Av=0.53s, max=0.6s)} 1-0

[Event "Stay Safe Play From Home 278"]
[Site "Emanuel Lasker Arena"]
[Date "2020.07.05"]
[Round "2"]
[White "Bardellosport"]
[Black "Haxhi Baha"]
[Result "1-0"]
[WhiteElo "1915"]
[BlackElo "2071"]
[PlyCount "97"]
[EventDate "2020.07.05"]
[EventType "swiss (blitz)"]

1. e4 {[%emt 0:00:01]} e6 {[%emt 0:00:01]} 2. d3 {[%emt 0:00:00]} d5 {[%emt 0:00:01]} 3. Nd2 {[%emt 0:00:00]} dxe4 {[%emt 0:00:00]} 4. dxe4 {[%emt 0:00:00]} Nf6 {[%emt 0:00:01]} 5. Ngf3 {[%emt 0:00:00]} b6 {[%emt 0:00:00]} 6. Be2 {[%emt 0:00:00]} Bb7 {[%emt 0:00:01]} 7. O-O {[%emt 0:00:01]} Nxe4 {[%emt 0:00:01]} 8. Nxe4 {[%emt 0:00:01]} Qxd1 {[%emt 0:00:01]} 9. Rxd1 {[%emt 0:00:00]} Bxe4 {[%emt 0:00:01]} 10. Bf4 {[%emt 0:00:01]} c5 {[%emt 0:00:05]} 11. c3 {[%emt 0:00:01]} Nc6 {[%emt 0:00:02]} 12. Bb5 {[%emt 0:00:01]} a6 {[%emt 0:00:01]} 13. Bxc6+ {[%emt 0:00:02]} Bxc6 {[%emt 0:00:00]} 14. Ne5 {[%emt 0:00:00]} Rc8 {[%emt 0:00:01]} 15. Rac1 {[%emt 0:00:01]} Be7 {[%emt 0:00:01]} 16. Nc4 {[%emt 0:00:01]} b5 {[%emt 0:00:03]} 17. Ne5 {[%emt 0:00:01]} f6 {[%emt 0:00:03]} 18. Nxc6 {[%emt 0:00:02]} Rxc6 {[%emt 0:00:00]} 19. b3 {[%emt 0:00:00]} e5 {[%emt 0:00:01]} 20. Be3 {[%emt 0:00:01]} Bd8 {[%emt 0:00:05]} 21. h3 {[%emt 0:00:01]} Ke7 {[%emt 0:00:01]} 22. c4 {[%emt 0:00:01]} b4 {[%emt 0:00:03]} 23. Rd2 {[%emt 0:00:02]} Bc7 {[%emt 0:00:02]} 24. Rdc2 {[%emt 0:00:01]} Rd8 {[%emt 0:00:01]} 25. g3 {[%emt 0:00:01]} Bb6 {[%emt 0:00:01]} 26. Kg2 {[%emt 0:00:02]} Rcd6 {[%emt 0:00:01]} 27. Re1 {[%emt 0:00:01]} Ke6 {[%emt 0:00:01]} 28. Rce2 {[%emt 0:00:01]} g5 {[%emt 0:00:02]} 29. g4 {[%emt 0:00:01]} h6 {[%emt 0:00:01]} 30. f3 {[%emt 0:00:01]} Rd3 {[%emt 0:00:01]} 31. Kf2 {[%emt 0:00:01]} Rc3 {[%emt 0:00:01]} 32. h4 {[%emt 0:00:02]} Rdd3 {[%emt 0:00:01]} 33. hxg5 {[%emt 0:00:01]} hxg5 {[%emt 0:00:00]} 34. Rh1 {[%emt 0:00:00]} a5 {[%emt 0:00:03]} 35. Rh8 {[%emt 0:00:01]} Bd8 {[%emt 0:00:02]} 36. Re8+ {[%emt 0:00:01]} Kf7 {[%emt 0:00:02]} 37. Rh8 {[%emt 0:00:02]} Be7 {[%emt 0:00:00]} 38. Rh7+ {[%emt 0:00:00]} Ke6 {[%emt 0:00:00]} 39. Rh8 {[%emt 0:00:04]} a4 {[%emt 0:00:01]} 40. Ra8 {[%emt 0:00:02]} axb3 {[%emt 0:00:01]} 41. axb3 {[%emt 0:00:00]} Rxb3 {[%emt 0:00:00]} 42. Ra6+ {[%emt 0:00:00]} Kd7 {[%emt 0:00:01]} 43. Ra7+ {[%emt 0:00:01]} Ke6 {[%emt 0:00:00]} 44. Ra6+ {[%emt 0:00:02]} Rd6 {[%emt 0:00:00]} 45. Rxd6+ {[%emt 0:00:01]} Bxd6 {[%emt 0:00:00]} 46. f4 {[%emt 0:00:00]} gxf4 {[%emt 0:00:02]} 47. Bc1 {[%emt 0:00:02]} Rc3 {[%emt 0:00:00]} 48. g5 {[%emt 0:00:00]} Rxc4 {[%emt 0:00:01]} 49. gxf6 {[%emt 0:00:00] Time '} 1-0

[Event "Stay Safe Play From Home 278"]
[Site "Emanuel Lasker Arena"]
[Date "2020.07.05"]
[Round "2"]
[White "Yashjain14"]
[Black "Scorpio New"]
[Result "0-1"]
[WhiteElo "1620"]
[BlackElo "2139"]
[Annotator "NA"]
[PlyCount "32"]
[EventDate "2020.07.05"]
[EventType "swiss (blitz)"]

1. e4 {[%emt 0:00:02]} d6 {[%emt 0:00:01]} 2. d4 {[%emt 0:00:02]} g6 {[%emt 0:00:00]} 3. Nf3 {[%emt 0:00:02]} Bg7 {[%emt 0:00:00]} 4. Nc3 {[%emt 0:00:02]} Nd7 {[%emt 0:00:00]} 5. Bg5 {[%emt 0:00:01]} c6 {[%emt 0:00:01]} 6. Be2 {[%emt 0:00:03]} Qc7 {[%emt 0:00:00]} 7. O-O {[%emt 0:00:01]} e5 {[%emt 0:00:00]} 8. dxe5 {[%emt 0:00:02]} dxe5 {[%emt 0:00:00]} 9. Bd3 {[%emt 0:00:07]} Ngf6 {[%emt 0:00:01]} 10. a3 {[%emt 0:00:04]} h6 {[%emt 0:00:01]} 11. Be3 {[%emt 0:00:10]} Ng4 {[%emt 0:00:01]} 12. Bc1 {[%emt 0:00:02]} O-O {[%emt 0:00:01]} 13. Bc4 {[%emt 0:00:03]} b5 {[%emt 0:00:01]} 14. Bb3 {[%emt 0:00:02]} a5 {[%emt 0:00:01]} 15. Ba2 {[%emt 0:00:04]} Rb8 {[%emt 0:00:01]} 16. Nd2 {[%emt 0:00:10]} Ngf6 {[%emt 0:00:04] Time (Lag: Av=0.84s, max=1.5s) .} 0-1

[Event "Stay Safe Play From Home 278"]
[Site "Emanuel Lasker Arena"]
[Date "2020.07.05"]
[Round "3"]
[White "Broken sword"]
[Black "BrainThinker22"]
[Result "1-0"]
[WhiteElo "2476"]
[BlackElo "2419"]
[Annotator "NA"]
[PlyCount "109"]
[EventDate "2020.07.05"]
[EventType "swiss (blitz)"]

1. d4 {[%emt 0:00:01]} c5 {[%emt 0:00:01]} 2. Nf3 {[%emt 0:00:00]} cxd4 {[%emt 0:00:00]} 3. Nxd4 {[%emt 0:00:00]} Nc6 {[%emt 0:00:01]} 4. c4 {[%emt 0:00:01]} Nf6 {[%emt 0:00:01]} 5. Nc3 {[%emt 0:00:01]} g6 {[%emt 0:00:01]} 6. e4 {[%emt 0:00:00]} Bg7 {[%emt 0:00:02]} 7. Be3 {[%emt 0:00:00]} O-O {[%emt 0:00:01]} 8. f3 {[%emt 0:00:01]} d6 {[%emt 0:00:01]} 9. Qd2 {[%emt 0:00:01]} Nxd4 {[%emt 0:00:02]} 10. Bxd4 {[%emt 0:00:00]} Be6 {[%emt 0:00:00]} 11. Be2 {[%emt 0:00:01]} Rc8 {[%emt 0:00:01]} 12. b3 {[%emt 0:00:00]} Qa5 {[%emt 0:00:01]} 13. Rd1 {[%emt 0:00:01]} Rfd8 {[%emt 0:00:01]} 14. O-O {[%emt 0:00:01]} a6 {[%emt 0:00:00]} 15. Rfe1 {[%emt 0:00:00]} Qc7 {[%emt 0:00:01]} 16. Rc1 {[%emt 0:00:02]} Qb8 {[%emt 0:00:01]} 17. Red1 {[%emt 0:00:00]} Nd7 {[%emt 0:00:01]} 18. Bxg7 {[%emt 0:00:01]} Kxg7 {[%emt 0:00:00]} 19. Kh1 {[%emt 0:00:00]} Nc5 {[%emt 0:00:01]} 20. h3 {[%emt 0:00:01]} Bd7 {[%emt 0:00:03]} 21. Qe3 {[%emt 0:00:01]} Bc6 {[%emt 0:00:01]} 22. Rd2 {[%emt 0:00:01]} Ne6 {[%emt 0:00:01]} 23. Rcd1 {[%emt 0:00:01]} b5 {[%emt 0:00:01]} 24. Kg1 {[%emt 0:00:03]} b4 {[%emt 0:00:03]} 25. Nb1 {[%emt 0:00:01]} a5 {[%emt 0:00:01]} 26. Kh1 {[%emt 0:00:01]} Nc5 {[%emt 0:00:01]} 27. Rc2 {[%emt 0:00:02]} Ne6 {[%emt 0:00:01] BrainThinker22 offers a draw} 28. Nd2 {[%emt 0:00:01]} Nc5 {[%emt 0:00:01]} 29. Nf1 {[%emt 0:00:01]} Ne6 {[%emt 0:00:01]} 30. Rcd2 {[%emt 0:00:01]} h5 {[%emt 0:00:01]} 31. Qf2 {[%emt 0:00:01]} Qb7 {[%emt 0:00:01]} 32. Ne3 {[%emt 0:00:00]} Nf4 {[%emt 0:00:01]} 33. Bf1 {[%emt 0:00:01]} Qc7 {[%emt 0:00:02]} 34. Qg3 {[%emt 0:00:01]} e5 {[%emt 0:00:01]} 35. Nf5+ {[%emt 0:00:01]} Kf6 {[%emt 0:00:01]} 36. Nxd6 {[%emt 0:00:03]} Rb8 {[%emt 0:00:02]} 37. Qh4+ {[%emt 0:00:02]} Ke6 {[%emt 0:00:01]} 38. c5 {[%emt 0:00:02]} f6 {[%emt 0:00:02]} 39. Bc4+ {[%emt 0:00:01]} Ke7 {[%emt 0:00:02]} 40. Qg3 {[%emt 0:00:03]} g5 {[%emt 0:00:01]} 41. Qf2 {[%emt 0:00:01]} Qa7 {[%emt 0:00:02]} 42. Nf5+ {[%emt 0:00:01]} Ke8 {[%emt 0:00:01]} 43. Rd6 {[%emt 0:00:00]} Rxd6 {[%emt 0:00:01]} 44. Rxd6 {[%emt 0:00:02]} Bd7 {[%emt 0:00:01]} 45. Rxf6 {[%emt 0:00:02]} Rc8 {[%emt 0:00:00]} 46. Nd6+ {[%emt 0:00:03]} Kd8 {[%emt 0:00:01]} 47. Nxc8 {[%emt 0:00:01]} Kxc8 {[%emt 0:00:00]} 48. Rd6 {[%emt 0:00:00]} Kc7 {[%emt 0:00:01]} 49. h4 {[%emt 0:00:03]} Qb8 {[%emt 0:00:02]} 50. hxg5 {[%emt 0:00:01]} Qd8 {[%emt 0:00:00]} 51. Qd2 {[%emt 0:00:01]} Ng6 {[%emt 0:00:01]} 52. c6 {[%emt 0:00:01]} Ne7 {[%emt 0:00:01]} 53. cxd7 {[%emt 0:00:00]} Qxd7 {[%emt 0:00:00]} 54. Rxd7+ {[%emt 0:00:01]} Kc6 {[%emt 0:00:00]} 55. Qd6# {[%emt 0:00:00] (Lag: Av=0.55s, max=1.7s)} 1-0

[Event "Stay Safe Play From Home 278"]
[Site "Emanuel Lasker Arena"]
[Date "2020.07.05"]
[Round "3"]
[White "Rogan"]
[Black "SoulofWolf"]
[Result "0-1"]
[WhiteElo "2263"]
[BlackElo "2150"]
[PlyCount "122"]
[EventDate "2020.07.05"]
[EventType "swiss (blitz)"]

1. d4 {[%emt 0:00:04]} c5 {[%emt 0:00:00]} 2. c3 {[%emt 0:00:00]} e6 {[%emt 0:00:00]} 3. Nf3 {[%emt 0:00:01]} Nf6 {[%emt 0:00:00]} 4. Bg5 {[%emt 0:00:01]} Be7 {[%emt 0:00:01]} 5. e3 {[%emt 0:00:01]} O-O {[%emt 0:00:00]} 6. Bd3 {[%emt 0:00:00]} b6 {[%emt 0:00:00]} 7. Qc2 {[%emt 0:00:01]} h6 {[%emt 0:00:01]} 8. Bh4 {[%emt 0:00:01]} Bb7 {[%emt 0:00:01]} 9. Nbd2 {[%emt 0:00:00]} d6 {[%emt 0:00:00]} 10. O-O {[%emt 0:00:00]} Nbd7 {[%emt 0:00:00]} 11. Ne4 {[%emt 0:00:01]} Nxe4 {[%emt 0:00:02]} 12. Bxe7 {[%emt 0:00:00]} Qxe7 {[%emt 0:00:00]} 13. Bxe4 {[%emt 0:00:00]} Nf6 {[%emt 0:00:01]} 14. Bxb7 {[%emt 0:00:01]} Qxb7 {[%emt 0:00:00]} 15. dxc5 {[%emt 0:00:00]} dxc5 {[%emt 0:00:01]} 16. Rfd1 {[%emt 0:00:00]} Rad8 {[%emt 0:00:00]} 17. Ne5 {[%emt 0:00:01]} Rd5 {[%emt 0:00:03]} 18. Nc4 {[%emt 0:00:01]} Rfd8 {[%emt 0:00:01]} 19. f3 {[%emt 0:00:02]} Qd7 {[%emt 0:00:05]} 20. Rxd5 {[%emt 0:00:04]} exd5 {[%emt 0:00:01]} 21. Ne5 {[%emt 0:00:01]} Qe6 {[%emt 0:00:02]} 22. f4 {[%emt 0:00:01]} d4 {[%emt 0:00:01]} 23. cxd4 {[%emt 0:00:01]} cxd4 {[%emt 0:00:00]} 24. Rd1 {[%emt 0:00:02]} Qxa2 {[%emt 0:00:05]} 25. Rxd4 {[%emt 0:00:03]} Qa1+ {[%emt 0:00:05]} 26. Kf2 {[%emt 0:00:01]} Rxd4 {[%emt 0:00:01]} 27. exd4 {[%emt 0:00:01]} Qh1 {[%emt 0:00:01]} 28. Qc8+ {[%emt 0:00:03]} Kh7 {[%emt 0:00:00]} 29. Qf5+ {[%emt 0:00:00]} Kg8 {[%emt 0:00:01]} 30. Qc8+ {[%emt 0:00:01]} Kh7 {[%emt 0:00:00]} 31. Nxf7 {[%emt 0:00:01]} Qxh2 {[%emt 0:00:02]} 32. Qf5+ {[%emt 0:00:04]} Kg8 {[%emt 0:00:01]} 33. Ne5 {[%emt 0:00:04]} Qh4+ {[%emt 0:00:01]} 34. Ke3 {[%emt 0:00:03]} Qe1+ {[%emt 0:00:04]} 35. Kd3 {[%emt 0:00:01]} Qb1+ {[%emt 0:00:01]} 36. Kc4 {[%emt 0:00:01]} Qxf5 {[%emt 0:00:01]} 37. Kc3 {[%emt 0:00:01]} Qxf4 {[%emt 0:00:00]} 38. Nd3 {[%emt 0:00:01]} Qg3 {[%emt 0:00:01]} 39. Kd2 {[%emt 0:00:01]} Ng4 {[%emt 0:00:01]} 40. Ne1 {[%emt 0:00:01]} Nf2 {[%emt 0:00:01]} 41. Ke2 {[%emt 0:00:01]} h5 {[%emt 0:00:01]} 42. Nf3 {[%emt 0:00:00]} Qxg2 {[%emt 0:00:01]} 43. Ke3 {[%emt 0:00:00]} Ng4+ {[%emt 0:00:01]} 44. Kf4 {[%emt 0:00:01]} Qf2 {[%emt 0:00:01]} 45. Ke4 {[%emt 0:00:01]} h4 {[%emt 0:00:01]} 46. Nxh4 {[%emt 0:00:01]} Qxh4 {[%emt 0:00:00]} 47. Kf4 {[%emt 0:00:01]} Qh3 {[%emt 0:00:01]} 48. Ke4 {[%emt 0:00:01]} Nh6 {[%emt 0:00:00]} 49. Kd5 {[%emt 0:00:00]} Qd7+ {[%emt 0:00:00]} 50. Kc4 {[%emt 0:00:00]} g5 {[%emt 0:00:00]} 51. b4 {[%emt 0:00:00]} g4 {[%emt 0:00:00]} 52. d5 {[%emt 0:00:00]} g3 {[%emt 0:00:00]} 53. d6 {[%emt 0:00:00]} g2 {[%emt 0:00:00]} 54. Kb3 {[%emt 0:00:00]} g1=Q {[%emt 0:00:00]} 55. Kc4 {[%emt 0:00:00]} Qe3 {[%emt 0:00:01]} 56. b5 {[%emt 0:00:01]} Qee6+ {[%emt 0:00:00]} 57. Kb4 {[%emt 0:00:00]} Qdxd6+ {[%emt 0:00:00]} 58. Ka4 {[%emt 0:00:00]} Qf5 {[%emt 0:00:00]} 59. Kb3 {[%emt 0:00:01]} Qfe6+ {[%emt 0:00:00]} 60. Ka4 {[%emt 0:00:00]} Qc7 {[%emt 0:00:00]} 61. Ka3 {[%emt 0:00:01]} Qed7 {[%emt 0:00:00] Time (Lag: Av=0.32s, max=1.1s) '} 0-1

[Event "Stay Safe Play From Home 278"]
[Site "Emanuel Lasker Arena"]
[Date "2020.07.05"]
[Round "3"]
[White "Scorpio New"]
[Black "EL sanbary"]
[Result "1-0"]
[WhiteElo "2140"]
[BlackElo "1964"]
[PlyCount "73"]
[EventDate "2020.07.05"]
[EventType "swiss (blitz)"]

1. d3 {[%emt 0:00:04]} d5 {[%emt 0:00:01]} 2. Nd2 {[%emt 0:00:01]} g6 {[%emt 0:00:01]} 3. c3 {[%emt 0:00:00]} Bg7 {[%emt 0:00:01]} 4. Qc2 {[%emt 0:00:00]} b6 {[%emt 0:00:01]} 5. g3 {[%emt 0:00:00]} Bb7 {[%emt 0:00:00]} 6. Bg2 {[%emt 0:00:00]} e5 {[%emt 0:00:01]} 7. e4 {[%emt 0:00:00]} Ne7 {[%emt 0:00:01]} 8. Ngf3 {[%emt 0:00:00]} dxe4 {[%emt 0:00:01]} 9. dxe4 {[%emt 0:00:00]} O-O {[%emt 0:00:01]} 10. a4 {[%emt 0:00:00]} c5 {[%emt 0:00:02]} 11. a5 {[%emt 0:00:01]} Nbc6 {[%emt 0:00:01]} 12. a6 {[%emt 0:00:01]} Bc8 {[%emt 0:00:01]} 13. Nc4 {[%emt 0:00:00]} Be6 {[%emt 0:00:01]} 14. Ne3 {[%emt 0:00:02]} Qc7 {[%emt 0:00:01]} 15. O-O {[%emt 0:00:01]} Rad8 {[%emt 0:00:01]} 16. Ng5 {[%emt 0:00:01]} Bc8 {[%emt 0:00:02]} 17. Nc4 {[%emt 0:00:01]} Nb8 {[%emt 0:00:01]} 18. h4 {[%emt 0:00:03]} Bxa6 {[%emt 0:00:01]} 19. Qb3 {[%emt 0:00:02]} Bxc4 {[%emt 0:00:02]} 20. Qxc4 {[%emt 0:00:01]} Nbc6 {[%emt 0:00:01]} 21. h5 {[%emt 0:00:02]} Na5 {[%emt 0:00:01]} 22. Qa2 {[%emt 0:00:01]} Nec6 {[%emt 0:00:01]} 23. hxg6 {[%emt 0:00:01]} hxg6 {[%emt 0:00:01]} 24. Be3 {[%emt 0:00:02]} c4 {[%emt 0:00:01]} 25. Qb1 {[%emt 0:00:02]} Nb3 {[%emt 0:00:01]} 26. Ra3 {[%emt 0:00:01]} a5 {[%emt 0:00:01]} 27. Qe1 {[%emt 0:00:01]} Rd7 {[%emt 0:00:03]} 28. Qe2 {[%emt 0:00:01]} Rfd8 {[%emt 0:00:01]} 29. Qxc4 {[%emt 0:00:01]} Nc5 {[%emt 0:00:02]} 30. Bxc5 {[%emt 0:00:01]} bxc5 {[%emt 0:00:00]} 31. Qxc5 {[%emt 0:00:00]} Ne7 {[%emt 0:00:01]} 32. Qxc7 {[%emt 0:00:01]} Rxc7 {[%emt 0:00:00]} 33. Rxa5 {[%emt 0:00:02]} Rb7 {[%emt 0:00:01]} 34. b4 {[%emt 0:00:01]} f6 {[%emt 0:00:01]} 35. Ne6 {[%emt 0:00:02]} Kf7 {[%emt 0:00:01]} 36. Nxd8+ {[%emt 0:00:01]} Kg8 {[%emt 0:00:01]} 37. Nxb7 {[%emt 0:00:00] EL sanbary resigns (Lag: Av=0.38s, max=0.6s)} 1-0

[Event "Stay Safe Play From Home 278"]
[Site "Emanuel Lasker Arena"]
[Date "2020.07.05"]
[Round "3"]
[White "Haxhi Baha"]
[Black "Mepe_Nika"]
[Result "0-1"]
[WhiteElo "2047"]
[BlackElo "2348"]
[PlyCount "112"]
[EventDate "2020.07.05"]
[EventType "swiss (blitz)"]

1. e4 {[%emt 0:00:01]} g6 {[%emt 0:00:01]} 2. d4 {[%emt 0:00:01]} Bg7 {[%emt 0:00:01]} 3. Be3 {[%emt 0:00:00]} d6 {[%emt 0:00:02]} 4. Nc3 {[%emt 0:00:00]} Nd7 {[%emt 0:00:02]} 5. Be2 {[%emt 0:00:01]} c5 {[%emt 0:00:01]} 6. Qd2 {[%emt 0:00:02]} cxd4 {[%emt 0:00:00]} 7. Bxd4 {[%emt 0:00:00]} Ngf6 {[%emt 0:00:00]} 8. g4 {[%emt 0:00:02]} O-O {[%emt 0:00:01]} 9. g5 {[%emt 0:00:01]} Ne8 {[%emt 0:00:00]} 10. Bxg7 {[%emt 0:00:01]} Nxg7 {[%emt 0:00:01]} 11. h4 {[%emt 0:00:00]} Ne5 {[%emt 0:00:04]} 12. h5 {[%emt 0:00:01]} Be6 {[%emt 0:00:01]} 13. hxg6 {[%emt 0:00:01]} hxg6 {[%emt 0:00:02]} 14. f4 {[%emt 0:00:01]} Nc4 {[%emt 0:00:02]} 15. Bxc4 {[%emt 0:00:02]} Bxc4 {[%emt 0:00:00]} 16. Qh2 {[%emt 0:00:01]} Nh5 {[%emt 0:00:01]} 17. O-O-O {[%emt 0:00:04]} Qa5 {[%emt 0:00:03]} 18. Kb1 {[%emt 0:00:02]} Kg7 {[%emt 0:00:01]} 19. f5 {[%emt 0:00:00]} Rh8 {[%emt 0:00:01]} 20. f6+ {[%emt 0:00:02]} exf6 {[%emt 0:00:01]} 21. gxf6+ {[%emt 0:00:01]} Nxf6 {[%emt 0:00:00]} 22. Qg2 {[%emt 0:00:02]} Rxh1 {[%emt 0:00:01]} 23. Qxh1 {[%emt 0:00:00]} Qe5 {[%emt 0:00:02]} 24. Nf3 {[%emt 0:00:02]} Qh5 {[%emt 0:00:02]} 25. Qxh5 {[%emt 0:00:03]} Nxh5 {[%emt 0:00:00]} 26. Rxd6 {[%emt 0:00:01]} Nf4 {[%emt 0:00:04]} 27. b3 {[%emt 0:00:01]} Be6 {[%emt 0:00:01]} 28. Nd4 {[%emt 0:00:02]} Rh8 {[%emt 0:00:01]} 29. Nxe6+ {[%emt 0:00:01]} Nxe6 {[%emt 0:00:00]} 30. Rd7 {[%emt 0:00:01]} g5 {[%emt 0:00:01]} 31. Rxb7 {[%emt 0:00:02]} g4 {[%emt 0:00:00]} 32. Nd5 {[%emt 0:00:01]} g3 {[%emt 0:00:01]} 33. Ne3 {[%emt 0:00:01]} Rh4 {[%emt 0:00:02]} 34. Nf5+ {[%emt 0:00:01]} Kf6 {[%emt 0:00:00]} 35. Nxh4 {[%emt 0:00:00]} Nc5 {[%emt 0:00:01]} 36. Ng2 {[%emt 0:00:01]} Nxb7 {[%emt 0:00:02]} 37. b4 {[%emt 0:00:01]} Ke5 {[%emt 0:00:00]} 38. c4 {[%emt 0:00:02]} Kxe4 {[%emt 0:00:01]} 39. c5 {[%emt 0:00:00]} f5 {[%emt 0:00:01]} 40. c6 {[%emt 0:00:02]} Nd6 {[%emt 0:00:01]} 41. a4 {[%emt 0:00:00]} f4 {[%emt 0:00:01]} 42. b5 {[%emt 0:00:00]} f3 {[%emt 0:00:01]} 43. Nh4 {[%emt 0:00:01]} g2 {[%emt 0:00:02]} 44. Nxf3 {[%emt 0:00:02]} Kxf3 {[%emt 0:00:01]} 45. Kc2 {[%emt 0:00:00]} g1=Q {[%emt 0:00:00]} 46. Kc3 {[%emt 0:00:00]} Qc5+ {[%emt 0:00:01]} 47. Kb3 {[%emt 0:00:01]} Nxb5 {[%emt 0:00:01]} 48. axb5 {[%emt 0:00:01]} Qxb5+ {[%emt 0:00:00]} 49. Ka3 {[%emt 0:00:01]} Qxc6 {[%emt 0:00:00]} 50. Kb4 {[%emt 0:00:01]} Ke4 {[%emt 0:00:02]} 51. Ka5 {[%emt 0:00:00]} Qb6+ {[%emt 0:00:01]} 52. Ka4 {[%emt 0:00:01]} a5 {[%emt 0:00:00]} 53. Ka3 {[%emt 0:00:00]} Qb4+ {[%emt 0:00:00]} 54. Ka2 {[%emt 0:00:00]} a4 {[%emt 0:00:00]} 55. Ka1 {[%emt 0:00:01]} a3 {[%emt 0:00:00]} 56. Ka2 {[%emt 0:00:00]} Qb2# {[%emt 0:00:00] (Lag: Av=0.67s, max=1.2s)} 0-1